[Event "25. Roquetas de Mar 2014"]
[Site "Roquetas de Mar ESP"]
[Date "2014.01.02"]
[Round "1.1"]
[White "Svetushkin, Dmitry"]
[Black "Fernandez Rodriguez, Jose Anto"]
[Result "1-0"]
[WhiteElo "2586"]
[BlackElo "2114"]
[PlyCount "59"]
[EventDate "2014.01.02"]
[EventType "swiss"]
[EventRounds "9"]
[EventCountry "ESP"]
[Source "lmi"]
[SourceDate "2014.01.02"]

1. d4 f5 2. Nc3 d5 3. Bf4 Nf6 4. e3 c6 5. Bd3 e6 6. Nf3 Bd6 7. Ne2 O-O 8. O-O
Qe7 9. c4 Ne4 10. Rb1 Nd7 11. Bxd6 Nxd6 12. Qc2 Ne4 13. b4 Ndf6 14. b5 Bd7 15.
bxc6 Bxc6 16. Ne5 Rfc8 17. Qb2 b6 18. Rfc1 dxc4 19. Nxc6 Rxc6 20. Rxc4 Rac8 21.
Rbc1 Qd6 22. f3 Nc5 23. Qc2 Nd5 24. dxc5 Qe5 25. cxb6 Qxe3+ 26. Kh1 Nb4 27. b7
Kf7 28. bxc8=Q Rxc8 29. Rc7+ Kg6 30. Qb2 1-0

[Event "25. Roquetas de Mar 2014"]
[Site "Roquetas de Mar ESP"]
[Date "2014.01.02"]
[Round "1.2"]
[White "Puertas Martin, Savins"]
[Black "Ibarra Jerez, Jose Carlos"]
[Result "0-1"]
[WhiteElo "2114"]
[BlackElo "2510"]
[PlyCount "122"]
[EventDate "2014.01.02"]
[EventType "swiss"]
[EventRounds "9"]
[EventCountry "ESP"]
[Source "lmi"]
[SourceDate "2014.01.02"]

1. e4 c5 2. Nf3 d6 3. Bb5+ Nc6 4. c4 e5 5. Nc3 g6 6. d3 Bg7 7. O-O Nge7 8. Ne1
O-O 9. Bxc6 Nxc6 10. Nc2 a6 11. Rb1 f5 12. f3 f4 13. Qe1 h5 14. a3 g5 15. Kf2
b5 16. Nd5 g4 17. Ke2 Rb8 18. b3 bxc4 19. dxc4 a5 20. a4 Be6 21. Bd2 Rf7 22.
Na3 Nd4+ 23. Kd3 Nxb3 24. Nb5 Nxd2 25. Kxd2 Bf8 26. Rb3 Rg7 27. Rg1 Qg5 28. Rb1
Rbb7 29. Kd3 Qd8 30. Qf2 g3 31. hxg3 Rxg3 32. Rh1 h4 33. Rh2 Qg5 34. Rbh1 Rh7
35. Kc2 h3 36. gxh3 Rhxh3 37. Rxh3 Bxh3 38. Rh2 Kg7 39. Nbc3 Qh5 40. Ne2 Rxf3
41. Qg1+ Kf7 42. Qb1 Qg4 43. Qb7+ Qd7 44. Qxd7+ Bxd7 45. Nec3 Rh3 46. Rf2 Be7
47. Nb6 Be6 48. Nbd5 Bd7 49. Nxf4 exf4 50. Rxf4+ Ke6 51. Rg4 Bf6 52. Nd5 Bxa4+
53. Kd2 Rh2+ 54. Ke3 Bd4+ 55. Kf4 Be5+ 56. Ke3 Bb3 57. Rg8 Bxc4 58. Re8+ Kf7
59. Ra8 Rh3+ 60. Kd2 Bxd5 61. exd5 c4 0-1

[Event "25. Roquetas de Mar 2014"]
[Site "Roquetas de Mar ESP"]
[Date "2014.01.02"]
[Round "1.3"]
[White "Movsziszian, Karen"]
[Black "Porta Tovar, Oriol"]
[Result "1-0"]
[WhiteElo "2509"]
[BlackElo "2114"]
[PlyCount "59"]
[EventDate "2014.01.02"]
[EventType "swiss"]
[EventRounds "9"]
[EventCountry "ESP"]
[Source "lmi"]
[SourceDate "2014.01.02"]

1. g3 Nf6 2. Bg2 e5 3. d3 d5 4. Nf3 Bd6 5. O-O O-O 6. c4 c6 7. Nc3 h6 8. Qc2 a6
9. e4 dxe4 10. dxe4 Bg4 11. Nh4 Qc7 12. Nf5 Bc5 13. h3 Bxf5 14. exf5 Nbd7 15.
g4 a5 16. Qe2 Bd4 17. h4 Nc5 18. g5 hxg5 19. hxg5 Nfd7 20. Ne4 Nxe4 21. Bxe4
Qd6 22. Kg2 f6 23. g6 Rfe8 24. Rh1 Kf8 25. Rh7 Qb4 26. Bd2 Qc5 27. Rah1 Nb6 28.
b3 Rad8 29. Rxg7 Kxg7 30. Rh7+ 1-0

[Event "25. Roquetas de Mar 2014"]
[Site "Roquetas de Mar ESP"]
[Date "2014.01.02"]
[Round "1.4"]
[White "Verdaguer Muntanya, Marc"]
[Black "Paunovic, Dragan"]
[Result "1/2-1/2"]
[WhiteElo "2114"]
[BlackElo "2507"]
[PlyCount "156"]
[EventDate "2014.01.02"]
[EventType "swiss"]
[EventRounds "9"]
[EventCountry "ESP"]
[Source "lmi"]
[SourceDate "2014.01.02"]

1. e4 c5 2. Nf3 a6 3. c4 e6 4. d4 cxd4 5. Nxd4 Nf6 6. Nc3 Qc7 7. a3 b6 8. Be3
Bb7 9. f3 d6 10. Be2 Nbd7 11. O-O Be7 12. Qd2 O-O 13. Rfc1 Ne5 14. b4 Rfc8 15.
Na4 Rab8 16. Rab1 Qd8 17. Nb3 Bc6 18. Nb2 Qe8 19. Nd4 Ba8 20. a4 Nfd7 21. Nb3
a5 22. b5 Rd8 23. Nd3 Nxd3 24. Qxd3 Nc5 25. Nxc5 dxc5 26. Qc3 f6 27. Rd1 Bd6
28. Qc2 Be5 29. Rxd8 Rxd8 30. Rd1 Qe7 31. Rxd8+ Qxd8 32. Qd3 Bd4 33. Kf2 Qd6
34. h3 Bb7 35. Bf1 e5 36. Ke2 Bc8 37. Bd2 Be6 38. Kd1 g6 39. g4 Qf8 40. Kc2 Qf7
41. Qe2 f5 42. Kb3 Qf6 43. Kc2 Kf7 44. Kb3 Ke8 45. Kc2 Kd7 46. Kb3 Kc8 47. Kc2
Qd8 48. Kb3 f4 49. Qd3 h5 50. Qe2 Kb7 51. Qd3 hxg4 52. hxg4 Qh4 53. Qe2 Bf2 54.
Qd3 Kc7 55. Kc2 Bd4 56. Qe2 Qg3 57. Be1 Qg1 58. Bd2 Ba1 59. Qd3 Qf2 60. Be2 Bd4
61. Kb3 Kd6 62. Kc2 Ke7 63. Bc1 Kf6 64. Bd2 Kg5 65. Kd1 Qg1+ 66. Bf1 Kh6 67.
Kc2 Qf2 68. Be2 Kg7 69. Kd1 Kf7 70. Kc2 Ke7 71. Bc1 Qg1 72. Qd1 Qh2 73. Qd3 Qg1
74. Qd1 Kf6 75. Qxg1 Bxg1 76. Bd2 Bf2 77. Bc3 Bd4 78. Be1 g5 1/2-1/2

[Event "25. Roquetas de Mar 2014"]
[Site "Roquetas de Mar ESP"]
[Date "2014.01.02"]
[Round "1.6"]
[White "Serarols Mabras, Bernat"]
[Black "Gonzalez Perez, Arian"]
[Result "0-1"]
[WhiteElo "2096"]
[BlackElo "2492"]
[PlyCount "110"]
[EventDate "2014.01.02"]
[EventType "swiss"]
[EventRounds "9"]
[EventCountry "ESP"]
[Source "lmi"]
[SourceDate "2014.01.02"]

1. d4 Nf6 2. c4 c5 3. d5 b5 4. cxb5 a6 5. bxa6 g6 6. Nc3 Bxa6 7. g3 d6 8. Bg2
Bg7 9. Nf3 Nbd7 10. Rb1 O-O 11. O-O Qa5 12. Bd2 Rfb8 13. Qc2 Qc7 14. b3 Bb7 15.
e4 Ba6 16. Rfe1 Ng4 17. h3 Nge5 18. Nxe5 Nxe5 19. Re3 c4 20. b4 Nd3 21. b5 Bc8
22. Ne2 Qc5 23. a4 f5 24. Bc3 Bxc3 25. Nxc3 f4 26. gxf4 Nxf4 27. Qd2 Bd7 28.
Rd1 Rf8 29. Qd4 Qc8 30. Kh2 Nd3 31. Rd2 Nc1 32. Rb2 Nb3 33. Qb6 Rb8 34. Qa7 Rb7
35. Qa6 Qb8 36. b6 Rc8 37. a5 Rc5 38. Ra2 Bc8 39. Na4 Rd7 40. Nxc5 Bxa6 41.
Nxa6 Qb7 42. Nb4 Rd8 43. Nc6 Rf8 44. Bf1 Nc1 45. Rb2 Qa6 46. b7 c3 47. Bxa6
cxb2 48. Rb3 Nxb3 49. Bd3 Nc5 50. a6 Nxd3 51. a7 b1=Q 52. b8=Q Qa2 53. Nxe7+
Kg7 54. Nf5+ gxf5 55. Qb7+ Kg8 0-1

[Event "25. Roquetas de Mar 2014"]
[Site "Roquetas de Mar ESP"]
[Date "2014.01.02"]
[Round "1.9"]
[White "Fernandez Romero, Ernesto"]
[Black "Martinez Rubi, Alberto"]
[Result "1-0"]
[WhiteElo "2468"]
[BlackElo "2075"]
[PlyCount "78"]
[EventDate "2014.01.02"]
[EventType "swiss"]
[EventRounds "9"]
[EventCountry "ESP"]
[Source "lmi"]
[SourceDate "2014.01.02"]

1. d4 Nf6 2. c4 e6 3. Nc3 c5 4. d5 exd5 5. cxd5 d6 6. Nf3 g6 7. Bf4 a6 8. Nd2
Nh5 9. Qa4+ Qd7 10. Qe4+ Be7 11. Bh6 Nf6 12. Qd3 b5 13. a4 Ng4 14. Bf4 g5 15.
Bg3 b4 16. Ncb1 f5 17. h3 Ne5 18. Bxe5 dxe5 19. Nc4 e4 20. Qd1 Bb7 21. e3 Qxd5
22. Qxd5 Bxd5 23. Nb6 Bc6 24. Nxa8 Bxa8 25. Nd2 Bf6 26. O-O-O Ke7 27. Bc4 Bc6
28. b3 Rc8 29. g4 f4 30. exf4 Bd4 31. Nxe4 Bxe4 32. Rhe1 gxf4 33. Rxe4+ Kd6 34.
Rxf4 Nd7 35. Bxa6 Rd8 36. Bc4 Ne5 37. Rfxd4+ cxd4 38. Rxd4+ Ke7 39. Rxd8 Kxd8
1-0

[Event "25. Roquetas de Mar 2014"]
[Site "Roquetas de Mar ESP"]
[Date "2014.01.03"]
[Round "2.1"]
[White "Garcia Trobat, Francisco"]
[Black "Svetushkin, Dmitry"]
[Result "0-1"]
[WhiteElo "2264"]
[BlackElo "2586"]
[PlyCount "106"]
[EventDate "2014.01.02"]
[EventType "swiss"]
[EventRounds "9"]
[EventCountry "ESP"]
[Source "lmi"]
[SourceDate "2014.01.02"]

1. d4 d5 2. c4 c6 3. Nc3 Nf6 4. Nf3 a6 5. e3 Bf5 6. Bd3 Bxd3 7. Qxd3 e6 8. O-O
Be7 9. e4 O-O 10. Bf4 dxe4 11. Nxe4 Nxe4 12. Qxe4 Nd7 13. Rfd1 Re8 14. Rd3 Rc8
15. Rad1 b5 16. Ne5 Nxe5 17. Bxe5 bxc4 18. Rg3 g6 19. h4 Bxh4 20. Rc3 Bf6 21.
Qf3 Bxe5 22. dxe5 Qg5 23. Rd7 Rf8 24. Qf6 Qxf6 25. exf6 Rb8 26. Rd2 Rb4 27. a3
Ra4 28. Rd4 h6 29. Rh4 Kh7 30. f4 h5 31. g4 Rd8 32. gxh5 Rd5 33. Rg3 Rxh5 34.
Rxh5+ gxh5 35. Rg7+ Kh6 36. Rxf7 c3 37. bxc3 Rxa3 38. Rg7 Ra4 39. Rg8 Rxf4 40.
Rc8 a5 41. Rxc6 Re4 42. Rc5 a4 43. f7 Kg7 44. Rxh5 Re1+ 45. Kf2 Ra1 46. Ra5 a3
47. c4 Kxf7 48. c5 Ke7 49. Ra7+ Kd8 50. c6 a2 51. Kg2 Kc8 52. Kh2 e5 53. Kg2 e4
0-1

[Event "25. Roquetas de Mar 2014"]
[Site "Roquetas de Mar ESP"]
[Date "2014.01.03"]
[Round "2.3"]
[White "Claros Egea, Cristian"]
[Black "Movsziszian, Karen"]
[Result "1/2-1/2"]
[WhiteElo "2259"]
[BlackElo "2509"]
[PlyCount "78"]
[EventDate "2014.01.02"]
[EventType "swiss"]
[EventRounds "9"]
[EventCountry "ESP"]
[Source "lmi"]
[SourceDate "2014.01.02"]

1. e4 g6 2. d4 Bg7 3. Nc3 d6 4. Be3 c6 5. h4 Nf6 6. f3 h5 7. Qd2 b5 8. O-O-O
Qc7 9. Nh3 Bxh3 10. Rxh3 Nbd7 11. Kb1 a6 12. g3 Rc8 13. Qg2 c5 14. g4 Nb6 15.
dxc5 dxc5 16. g5 Nfd7 17. Nd5 Nxd5 18. exd5 O-O 19. f4 Nb6 20. Bc1 c4 21. Be2
Qd7 22. Bf3 Na4 23. Rhh1 b4 24. Rhe1 Rc7 25. Rxe7 Qxe7 26. d6 Qd7 27. dxc7 Qxc7
28. Bc6 Nb6 29. f5 gxf5 30. Bf3 Rd8 31. Bxh5 Rxd1 32. Bxd1 Qd6 33. Bh5 Nd5 34.
Qe2 Qe6 35. Bf3 c3 36. Qxe6 fxe6 37. Bxd5 exd5 38. bxc3 Bxc3 39. Bf4 a5 1/2-1/2

[Event "25. Roquetas de Mar 2014"]
[Site "Roquetas de Mar ESP"]
[Date "2014.01.03"]
[Round "2.5"]
[White "Gonzalez Perez, Arian"]
[Black "Tudela Corbalan, Carlos"]
[Result "1-0"]
[WhiteElo "2492"]
[BlackElo "2253"]
[PlyCount "57"]
[EventDate "2014.01.02"]
[EventType "swiss"]
[EventRounds "9"]
[EventCountry "ESP"]
[Source "lmi"]
[SourceDate "2014.01.02"]

1. e4 g6 2. d4 Bg7 3. Nf3 d6 4. Nbd2 Nd7 5. Bd3 a6 6. O-O e6 7. Re1 Ne7 8. Nf1
b6 9. Ng3 Bb7 10. c3 O-O 11. Be3 e5 12. Qd2 d5 13. Bh6 exd4 14. Bxg7 Kxg7 15.
Nxd4 c5 16. Nf3 dxe4 17. Bxe4 Bxe4 18. Rxe4 Nc6 19. Rh4 Rh8 20. Rd1 Ra7 21.
Nf5+ Kg8 22. Nh6+ Kg7 23. Nxf7 Kxf7 24. Ng5+ Ke8 25. Re4+ Ne7 26. Qd6 Rf8 27.
Nxh7 Rf7 28. Qxg6 Qa8 29. Ng5 1-0

[Event "25. Roquetas de Mar 2014"]
[Site "Roquetas de Mar ESP"]
[Date "2014.01.03"]
[Round "2.8"]
[White "Garriga Cazorla, Pere"]
[Black "Fernandez Romero, Ernesto"]
[Result "0-1"]
[WhiteElo "2227"]
[BlackElo "2468"]
[PlyCount "72"]
[EventDate "2014.01.02"]
[EventType "swiss"]
[EventRounds "9"]
[EventCountry "ESP"]
[Source "lmi"]
[SourceDate "2014.01.02"]

1. d4 d5 2. Nf3 c6 3. c4 e6 4. Nc3 dxc4 5. a4 Bb4 6. e4 b5 7. Bd2 a5 8. axb5
Bxc3 9. Bxc3 cxb5 10. b3 Nf6 11. bxc4 Nxe4 12. Bb2 bxc4 13. Ba3 a4 14. Bxc4
Qa5+ 15. Kf1 Ba6 16. Bxa6 Qxa6+ 17. Kg1 Nc3 18. Qd2 Ne2+ 19. Kf1 Nxd4+ 20. Kg1
Ne2+ 21. Kf1 Nd4+ 22. Kg1 Nxf3+ 23. gxf3 f6 24. Rc1 Ra7 25. Qb4 Kf7 26. Kg2 Nc6
27. Qe4 Ne5 28. f4 Qd3 29. Qe3 Qxe3 30. fxe3 Nd7 31. Rhd1 Rb8 32. Bd6 Rb3 33.
Rc8 a3 34. Bc7 a2 35. Rxd7+ Kg6 36. Rg8 a1=Q 0-1

[Event "25. Roquetas de Mar 2014"]
[Site "Roquetas de Mar ESP"]
[Date "2014.01.03"]
[Round "2.9"]
[White "Ducarmon, Quinten"]
[Black "Navarrete Espi, Samuel"]
[Result "1-0"]
[WhiteElo "2456"]
[BlackElo "2223"]
[PlyCount "85"]
[EventDate "2014.01.02"]
[EventType "swiss"]
[EventRounds "9"]
[EventCountry "ESP"]
[Source "lmi"]
[SourceDate "2014.01.02"]

1. e4 e5 2. Nf3 Nc6 3. Nc3 Nf6 4. Bb5 Bb4 5. O-O O-O 6. d3 d6 7. Bg5 Bxc3 8.
bxc3 Ne7 9. Nh4 c6 10. Ba4 Ng6 11. Bb3 Kh8 12. Nxg6+ fxg6 13. f3 Qe7 14. d4 Be6
15. Qd2 h6 16. Be3 Rfd8 17. Qf2 b6 18. Qg3 Bxb3 19. axb3 g5 20. Rae1 c5 21. h4
Nh5 22. Qg4 Nf6 23. Qh3 gxh4 24. Qxh4 Rac8 25. dxe5 dxe5 26. c4 Rc7 27. Bc1
Rcd7 28. f4 exf4 29. Bb2 Ng8 30. Qxf4 Rd2 31. Rf2 Rd1 32. Ref1 R8d7 33. Bc3 Qe6
34. Qf3 Rxf1+ 35. Rxf1 Re7 36. e5 Qg6 37. Qd5 Kh7 38. Rf8 Re6 39. Qd7 Ne7 40.
Rf6 Rxf6 41. exf6 Nf5 42. f7 Ne3 43. f8=N+ 1-0

[Event "25. Roquetas de Mar 2014"]
[Site "Roquetas de Mar ESP"]
[Date "2014.01.03"]
[Round "2.10"]
[White "Garcia Rodriguez, Victor"]
[Black "Firat, Burak"]
[Result "0-1"]
[WhiteElo "2205"]
[BlackElo "2448"]
[PlyCount "68"]
[EventDate "2014.01.02"]
[EventType "swiss"]
[EventRounds "9"]
[EventCountry "ESP"]
[Source "lmi"]
[SourceDate "2014.01.02"]

1. e4 c5 2. Nf3 e6 3. d4 cxd4 4. Nxd4 Nf6 5. Nc3 d6 6. Bg5 Be7 7. Qd2 a6 8.
O-O-O b5 9. a3 Bb7 10. f3 Nbd7 11. g4 Rc8 12. h4 Nb6 13. Kb1 h6 14. Be3 d5 15.
e5 Nfd7 16. f4 b4 17. Na2 Nc4 18. Bxc4 dxc4 19. Nxb4 Bxh1 20. Rxh1 c3 21. bxc3
Nb6 22. Ndc6 Qxd2 23. Bxd2 Nc4 24. Bc1 a5 25. Nxe7 Kxe7 26. Nd3 Nb6 27. Bd2 Rb8
28. Ka2 Rhc8 29. Rh3 Na4 30. Ne1 Rb2+ 31. Ka1 Rcb8 32. Nd3 Rb1+ 33. Ka2 Rd1 34.
Rh2 Rxd2 0-1

[Event "25. Roquetas de Mar 2014"]
[Site "Roquetas de Mar ESP"]
[Date "2014.01.03"]
[Round "3.1"]
[White "Svetushkin, Dmitry"]
[Black "Barria Zuñiga, Daniel"]
[Result "0-1"]
[WhiteElo "2586"]
[BlackElo "2435"]
[PlyCount "118"]
[EventDate "2014.01.02"]
[EventType "swiss"]
[EventRounds "9"]
[EventCountry "ESP"]
[Source "lmi"]
[SourceDate "2014.01.02"]

1. e4 c5 2. Nf3 e6 3. d4 cxd4 4. Nxd4 Nf6 5. Nc3 Bb4 6. e5 Nd5 7. Bd2 Bxc3 8.
bxc3 O-O 9. Bd3 d6 10. Qh5 g6 11. Qh6 dxe5 12. Nf3 Qc7 13. O-O Nc6 14. c4 Ndb4
15. Be4 f5 16. Bxc6 Nxc6 17. Bc3 e4 18. Ng5 e5 19. Rad1 Qg7 20. Qh4 h6 21. Rd6
hxg5 22. Qxg5 Kh7 23. f4 Qh6 24. Qg3 Rd8 25. fxe5 Rxd6 26. exd6 Be6 27. Bf6 Rf8
28. Rf4 Rxf6 29. Rh4 Qxh4 30. Qxh4+ Kg7 31. Qf4 b6 32. c5 bxc5 33. Qe3 Bd7 34.
Qxc5 Re6 35. c4 e3 36. Kf1 Re5 37. Qa3 f4 38. Ke1 e2 39. c5 Kf6 40. Qb2 Ke6 41.
Qb3+ Kf6 42. Qc3 g5 43. g3 Bg4 44. gxf4 gxf4 45. Qd2 Re4 46. d7 Bxd7 47. Qd6+
Re6 48. Qxf4+ Ke7 49. Qh4+ Ke8 50. Qh8+ Ke7 51. h4 Ne5 52. Qg7+ Nf7 53. h5 Bb5
54. a4 Bxa4 55. Qg3 a6 56. Qa3 Bc6 57. Qxa6 Ng5 58. Qa7+ Kf6 59. Qa1+ Kf5 0-1

[Event "25. Roquetas de Mar 2014"]
[Site "Roquetas de Mar ESP"]
[Date "2014.01.03"]
[Round "3.2"]
[White "Bykov, Alexey"]
[Black "Ibarra Jerez, Jose Carlos"]
[Result "0-1"]
[WhiteElo "2356"]
[BlackElo "2510"]
[PlyCount "72"]
[EventDate "2014.01.02"]
[EventType "swiss"]
[EventRounds "9"]
[EventCountry "ESP"]
[Source "lmi"]
[SourceDate "2014.01.02"]

1. e4 c5 2. Nf3 e6 3. d4 cxd4 4. Nxd4 a6 5. Bd3 Nf6 6. Nc3 Qb6 7. Nb3 Qc7 8.
O-O b5 9. a3 Bb7 10. Qe2 d6 11. f4 Nc6 12. Be3 Be7 13. Nb1 O-O 14. N1d2 Nd7 15.
c3 Nb6 16. Rac1 Na4 17. Rc2 Rfd8 18. Nf3 e5 19. c4 b4 20. fxe5 bxa3 21. bxa3
Nxe5 22. Nxe5 dxe5 23. c5 Bc6 24. Rxf7 Kxf7 25. Bc4+ Kf8 26. Qh5 Bf6 27. Qxh7
Rd1+ 28. Kf2 Ke7 29. Bg5 Kd8 30. Bxf6+ gxf6 31. Qh8+ Be8 32. Qxf6+ Qe7 33. Qh6
Kc7 34. g3 Bb5 35. Na5 Qf8+ 36. Kg2 Qxh6 0-1

[Event "25. Roquetas de Mar 2014"]
[Site "Roquetas de Mar ESP"]
[Date "2014.01.03"]
[Round "3.3"]
[White "Cruz Lledo, Pablo"]
[Black "Gonzalez Perez, Arian"]
[Result "0-1"]
[WhiteElo "2330"]
[BlackElo "2492"]
[PlyCount "100"]
[EventDate "2014.01.02"]
[EventType "swiss"]
[EventRounds "9"]
[EventCountry "ESP"]
[Source "lmi"]
[SourceDate "2014.01.02"]

1. d4 d5 2. c4 e6 3. Nc3 Be7 4. Bf4 Nf6 5. e3 O-O 6. Rc1 c6 7. c5 Nbd7 8. Bd3
b6 9. b4 a5 10. a3 axb4 11. axb4 bxc5 12. bxc5 e5 13. dxe5 Ne8 14. Nge2 Nxc5
15. Bc2 Ba6 16. O-O Nc7 17. Re1 g6 18. Nd4 Qd7 19. Na4 Nxa4 20. Bxa4 Bb5 21.
Bxb5 cxb5 22. Qe2 b4 23. Red1 Ne6 24. Nc6 Rfc8 25. Nxe7+ Qxe7 26. Rb1 Rd8 27.
Bg3 Rab8 28. f3 d4 29. exd4 Rxd4 30. Rxd4 Nxd4 31. Qe4 Ne6 32. Bf2 b3 33. h4 h5
34. Kh2 Rb4 35. Qd5 Qb7 36. Qxb7 Rxb7 37. Be1 Nc5 38. Bc3 Na4 39. Bb2 Nxb2 40.
Rxb2 Kf8 41. g4 Ke7 42. Kg3 Ke6 43. Kf4 Rb5 44. Ke4 Rb4+ 45. Kd3 Kxe5 46. Kc3
Rb7 47. gxh5 gxh5 48. Rg2 b2 49. Rxb2 Rxb2 50. Kxb2 Kf4 0-1

[Event "25. Roquetas de Mar 2014"]
[Site "Roquetas de Mar ESP"]
[Date "2014.01.03"]
[Round "3.5"]
[White "Fernandez Romero, Ernesto"]
[Black "Kovacevic, Slobodan"]
[Result "1/2-1/2"]
[WhiteElo "2468"]
[BlackElo "2347"]
[PlyCount "88"]
[EventDate "2014.01.02"]
[EventType "swiss"]
[EventRounds "9"]
[EventCountry "ESP"]
[Source "lmi"]
[SourceDate "2014.01.02"]

1. d4 Nf6 2. c4 e6 3. Nc3 c5 4. d5 exd5 5. cxd5 d6 6. Nf3 g6 7. Bf4 a6 8. Nd2
b5 9. a4 b4 10. Nce4 Nxe4 11. Nxe4 Be7 12. e3 f5 13. Nd2 O-O 14. h3 Nd7 15. Nc4
Nb8 16. Nd2 Nd7 17. Nc4 Nf6 18. Be2 a5 19. O-O Bb7 20. Bf3 Ba6 21. Qb3 Re8 22.
Rfe1 Ne4 23. Rad1 Bh4 24. Bxe4 Bxc4 25. Qxc4 fxe4 26. Re2 Ra7 27. Rf1 Rf7 28.
Qa6 Be7 29. b3 Bf8 30. Bg3 Qa8 31. Qc4 Qc8 32. Rc2 Qb7 33. Rd1 Kg7 34. Bf4 h6
35. Qe2 Kh7 36. Bg3 Kg7 37. Rcd2 Kh7 38. Rf1 Rf5 39. Qc4 Rf7 40. Ra2 Kg7 41.
Rd1 Kh7 42. Rc2 Kg8 43. Qe2 Kh7 44. Qc4 h5 1/2-1/2

[Event "25. Roquetas de Mar 2014"]
[Site "Roquetas de Mar ESP"]
[Date "2014.01.03"]
[Round "3.6"]
[White "Gonzalez Diaz, Julio"]
[Black "Ducarmon, Quinten"]
[Result "1/2-1/2"]
[WhiteElo "2284"]
[BlackElo "2456"]
[PlyCount "67"]
[EventDate "2014.01.02"]
[EventType "swiss"]
[EventRounds "9"]
[EventCountry "ESP"]
[Source "lmi"]
[SourceDate "2014.01.02"]

1. c4 e5 2. g3 Nc6 3. Bg2 Bc5 4. Nc3 a6 5. e3 d6 6. Nge2 Ba7 7. O-O h5 8. d4 h4
9. c5 dxc5 10. dxe5 Qxd1 11. Rxd1 Nxe5 12. f4 Nc6 13. Nd5 Bb6 14. Nxb6 cxb6 15.
Nc3 hxg3 16. hxg3 Bg4 17. Rd2 Nf6 18. Na4 Nd7 19. b3 O-O 20. Nc3 Rad8 21. Nd5
Rfe8 22. Bb2 Nb4 23. e4 Nxd5 24. Rxd5 f6 25. e5 fxe5 26. fxe5 Re7 27. Rd6 Rde8
28. Bd5+ Kh7 29. Kg2 Nf6 30. Bc4 Ng8 31. Rh1+ Nh6 32. Rh4 Be6 33. Bd3+ Kg8 34.
Bg6 1/2-1/2

[Event "25. Roquetas de Mar 2014"]
[Site "Roquetas de Mar ESP"]
[Date "2014.01.04"]
[Round "4.2"]
[White "Gonzalez Perez, Arian"]
[Black "Hoffman, Alejandro"]
[Result "0-1"]
[WhiteElo "2492"]
[BlackElo "2447"]
[PlyCount "60"]
[EventDate "2014.01.02"]
[EventType "swiss"]
[EventRounds "9"]
[EventCountry "ESP"]
[Source "lmi"]
[SourceDate "2014.01.02"]

1. e4 e5 2. Nf3 d6 3. d4 exd4 4. Nxd4 Nf6 5. Nc3 Be7 6. g3 d5 7. e5 Ng4 8. Bf4
c5 9. Ndb5 d4 10. Nd5 O-O 11. Nbc7 Nc6 12. Bg2 Rb8 13. e6 Nxf2 14. exf7+ Rxf7
15. Kxf2 g5 16. Nxe7+ Nxe7 17. Qh5 gxf4 18. Qg5+ Rg7 19. Qxc5 fxg3+ 20. hxg3
Bf5 21. Nd5 Rc8 22. Nxe7+ Qxe7 23. Bd5+ Kh8 24. Qxe7 Rxe7 25. c3 dxc3 26. bxc3
Rf8 27. Rhe1 Bb1+ 28. Bf3 Rxf3+ 29. Kxf3 Rxe1 30. Kf2 Rh1 0-1

[Event "25. Roquetas de Mar 2014"]
[Site "Roquetas de Mar ESP"]
[Date "2014.01.04"]
[Round "4.5"]
[White "Del Rey, Diego"]
[Black "Movsziszian, Karen"]
[Result "1-0"]
[WhiteElo "2373"]
[BlackElo "2509"]
[PlyCount "44"]
[EventDate "2014.01.02"]
[EventType "swiss"]
[EventRounds "9"]
[EventCountry "ESP"]
[Source "lmi"]
[SourceDate "2014.01.02"]

1. d4 d6 2. c4 g6 3. Nc3 Bg7 4. e4 Nf6 5. Nge2 O-O 6. Ng3 c5 7. d5 e6 8. Be2
exd5 9. exd5 Na6 10. O-O Nc7 11. Bg5 h6 12. Bf4 Re8 13. Qd2 g5 14. Be3 Ng4 15.
Bxg4 Bxg4 16. Rae1 b5 17. cxb5 Bd7 18. Qd3 a6 19. Nh5 axb5 20. Nxg7 Kxg7 21. f4
b4 22. fxg5 hxg5 1-0

[Event "25. Roquetas de Mar 2014"]
[Site "Roquetas de Mar ESP"]
[Date "2014.01.04"]
[Round "4.6"]
[White "Sanchez Jerez, Emilio Miguel"]
[Black "Fernandez Romero, Ernesto"]
[Result "0-1"]
[WhiteElo "2287"]
[BlackElo "2468"]
[PlyCount "74"]
[EventDate "2014.01.02"]
[EventType "swiss"]
[EventRounds "9"]
[EventCountry "ESP"]
[Source "lmi"]
[SourceDate "2014.01.02"]

1. e4 e6 2. d4 d5 3. Nc3 Bb4 4. a3 Bxc3+ 5. bxc3 dxe4 6. Qg4 Nf6 7. Qxg7 Rg8 8.
Qh6 Rg6 9. Qe3 Nc6 10. Ne2 Ne7 11. c4 Nf5 12. Qc3 b6 13. g3 Bb7 14. Bg2 Nh4 15.
gxh4 Rxg2 16. Bg5 h6 17. Qh3 e3 18. Bxe3 Ng4 19. d5 Nxe3 20. fxe3 Qf6 21. Kd2
Qf2 22. Rae1 O-O-O 23. Kc1 Kb8 24. Rhf1 Rxh2 25. Rxf2 Rxh3 26. Rxf7 Rxe3 27.
Re7 Re4 28. dxe6 Ba6 29. Rd1 Rxd1+ 30. Kxd1 Bxc4 31. Ng3 Rxe6 32. Rg7 a5 33. h5
b5 34. Kd2 Rf6 35. Kc3 Rf3+ 36. Kb2 a4 37. Rg6 b4 0-1

[Event "25. Roquetas de Mar 2014"]
[Site "Roquetas de Mar ESP"]
[Date "2014.01.04"]
[Round "5.1"]
[White "Hoffman, Alejandro"]
[Black "Ibarra Jerez, Jose Carlos"]
[Result "0-1"]
[WhiteElo "2447"]
[BlackElo "2510"]
[PlyCount "84"]
[EventDate "2014.01.02"]
[EventType "swiss"]
[EventRounds "9"]
[EventCountry "ESP"]
[Source "lmi"]
[SourceDate "2014.01.02"]

1. d4 Nf6 2. c4 d6 3. Nc3 e5 4. Nf3 e4 5. Ng5 Qe7 6. Qc2 Bf5 7. f3 Nc6 8. d5
Nb8 9. Ngxe4 Bxe4 10. fxe4 Nbd7 11. g3 g6 12. Bh3 Bg7 13. Nb5 O-O 14. Nxc7 Rac8
15. Nb5 a6 16. Nd4 Rc7 17. O-O Nb6 18. b3 Nfxd5 19. e3 Nf6 20. Bg2 Re8 21. Ba3
h5 22. Rad1 Nc8 23. Qd3 Nxe4 24. Nc2 h4 25. gxh4 Nc3 26. Rd2 b5 27. cxb5 axb5
28. h5 gxh5 29. Nd4 Qxe3+ 30. Qxe3 Rxe3 31. Nf5 Re2 32. Rxe2 Nxe2+ 33. Kh1 Be5
34. Bd5 Ra7 35. Bb4 Nf4 36. Bxf7+ Kxf7 37. Bd2 Nd5 38. Nxd6+ Ke6 39. Nxc8 Rxa2
40. Bh6 Rxh2+ 41. Kg1 Rc2 42. Re1 Rxc8 0-1

[Event "25. Roquetas de Mar 2014"]
[Site "Roquetas de Mar ESP"]
[Date "2014.01.04"]
[Round "5.3"]
[White "Camacho Collados, Jose"]
[Black "Ducarmon, Quinten"]
[Result "1/2-1/2"]
[WhiteElo "2377"]
[BlackElo "2456"]
[PlyCount "100"]
[EventDate "2014.01.02"]
[EventType "swiss"]
[EventRounds "9"]
[EventCountry "ESP"]
[Source "lmi"]
[SourceDate "2014.01.02"]

1. Nf3 d5 2. d4 Nf6 3. e3 c6 4. Bd3 Bg4 5. O-O e6 6. Nbd2 Be7 7. c3 Nbd7 8. Qc2
Bh5 9. b3 c5 10. Bb2 Rc8 11. Rac1 Bg6 12. dxc5 Nxc5 13. Bxg6 hxg6 14. c4 O-O
15. Rfd1 Qb6 16. Bxf6 Bxf6 17. cxd5 exd5 18. Nd4 Rc7 19. N2f3 Rfc8 20. Qe2 Ne4
21. Rxc7 Rxc7 22. Qb2 Nc3 23. Rd2 Nxa2 24. g4 Nb4 25. g5 Be7 26. Kg2 Qc5 27.
Ne2 Bd6 28. Qa1 a6 29. Qa4 Re7 30. Rd1 Qc2 31. Rd2 Qc8 32. h3 Qc6 33. Qa5 b6
34. Qa1 Rc7 35. Nfd4 Qe8 36. Nf3 Rc5 37. Qd4 Nc6 38. Qd3 a5 39. Qa6 Ne5 40.
Ned4 Nxf3 41. Nxf3 Qb8 42. Rd4 Bf8 43. Nd2 Be7 44. Nf3 Bf8 45. Nd2 Qe5 46. Nf3
Qe6 47. Qa8 Rb5 48. Rd3 Rc5 49. Rd4 Rc2 50. Nd2 Rc5 1/2-1/2